<?xml version="1.0" encoding="UTF-8"?>
<record
    xmlns:xsi="http://www.w3.org/2001/XMLSchema-instance"
    xsi:schemaLocation="http://www.loc.gov/MARC21/slim http://www.loc.gov/standards/marcxml/schema/MARC21slim.xsd"
    xmlns="http://www.loc.gov/MARC21/slim">

  <leader>02263cam a22003257a 4500</leader>
  <controlfield tag="001">13767985</controlfield>
  <controlfield tag="003">OSt</controlfield>
  <controlfield tag="005">20250203104232.0</controlfield>
  <controlfield tag="008">041101s2003    sz       b    000 0 eng d</controlfield>
  <datafield tag="010" ind1=" " ind2=" ">
    <subfield code="a">  2004450997</subfield>
  </datafield>
  <datafield tag="020" ind1=" " ind2=" ">
    <subfield code="a">2825413917</subfield>
  </datafield>
  <datafield tag="035" ind1=" " ind2=" ">
    <subfield code="a">(OCoLC)ocm53986473</subfield>
  </datafield>
  <datafield tag="040" ind1=" " ind2=" ">
    <subfield code="a">DWT</subfield>
    <subfield code="c">DWT</subfield>
    <subfield code="d">PLT</subfield>
    <subfield code="d">DLC</subfield>
  </datafield>
  <datafield tag="042" ind1=" " ind2=" ">
    <subfield code="a">lccopycat</subfield>
  </datafield>
  <datafield tag="050" ind1="0" ind2="0">
    <subfield code="a">RA643.8</subfield>
    <subfield code="b">.H572 2003</subfield>
  </datafield>
  <datafield tag="082" ind1="0" ind2="0">
    <subfield code="a">362.196/9792</subfield>
    <subfield code="2">22</subfield>
  </datafield>
  <datafield tag="245" ind1="0" ind2="0">
    <subfield code="a">HIV/AIDS and the curriculum :</subfield>
    <subfield code="b">methods of integrating HIV/AIDS in theological programmes /</subfield>
    <subfield code="c">edited by Musa W. Dube.</subfield>
  </datafield>
  <datafield tag="260" ind1=" " ind2=" ">
    <subfield code="a">Geneva :</subfield>
    <subfield code="b">WCC Publications,</subfield>
    <subfield code="c">c2003.</subfield>
  </datafield>
  <datafield tag="300" ind1=" " ind2=" ">
    <subfield code="a">xiii, 173 p. ;</subfield>
    <subfield code="c">22 cm.</subfield>
  </datafield>
  <datafield tag="504" ind1=" " ind2=" ">
    <subfield code="a">Includes bibliographical references.</subfield>
  </datafield>
  <datafield tag="505" ind1="0" ind2=" ">
    <subfield code="a">Introduction: Towards multi-sectoral teaching in a time of HIV/AIDS / Musa W. Dube -- Teaching and talking about our sexuality: a means of combating HIV/AIDS / Agrippa K. Khathide -- Methods of integrating HIV/AIDS in biblical studies / Musa W. Dube -- Does the Hebrew Bible have anything to tell us about HIV/AIDS? / Johanna Stiebert -- Prophecy as a method speaking about the HIV/AIDS epidemic in southern Africa / Madipoane Masenya (ngwana&#x2BE; Mphahlele) -- The prophetic method in the New Testament / Musa W. Dube -- Towards an HIV/AIDS-sensitive curriculum / Tinyiko Sam Maluleke -- Facing the challenges of HIV/AIDS in southern Africa: towards a theology of life / Moji A. Ruele -- Culture, gender and HIV/AIDS: understanding and acting on the issues / Musa W. Dube -- Social location as a story-telling method of teaching in HIV/AIDS contexts / Musa W. Dube -- Pastoral care and counselling / Larry R. Colvin -- Hopeful compassion: spiritual care for the person living with HIV/AIDS / Andr&#xE9; E. de la Porte -- Project design and management / Prisca Mokgadi -- An HIV and AIDS curriculum for theological institutions in Africa.</subfield>
  </datafield>
  <datafield tag="650" ind1=" " ind2="0">
    <subfield code="a">AIDS (Disease)</subfield>
    <subfield code="x">Religious aspects</subfield>
    <subfield code="x">Christianity.</subfield>
  </datafield>
  <datafield tag="650" ind1=" " ind2="0">
    <subfield code="a">AIDS (Disease)</subfield>
    <subfield code="x">Patients</subfield>
    <subfield code="x">Pastoral counseling of.</subfield>
  </datafield>
  <datafield tag="650" ind1=" " ind2="0">
    <subfield code="a">Theological seminaries</subfield>
    <subfield code="v">Curricula.</subfield>
  </datafield>
  <datafield tag="700" ind1="1" ind2=" ">
    <subfield code="a">Dube, Musa Wenkosi.</subfield>
  </datafield>
  <datafield tag="710" ind1="2" ind2=" ">
    <subfield code="a">World Council of Churches.</subfield>
  </datafield>
  <datafield tag="906" ind1=" " ind2=" ">
    <subfield code="a">7</subfield>
    <subfield code="b">cbc</subfield>
    <subfield code="c">copycat</subfield>
    <subfield code="d">3</subfield>
    <subfield code="e">ncip</subfield>
    <subfield code="f">20</subfield>
    <subfield code="g">y-gencatlg</subfield>
  </datafield>
  <datafield tag="942" ind1=" " ind2=" ">
    <subfield code="2">ddc</subfield>
    <subfield code="c">BK</subfield>
  </datafield>
  <datafield tag="999" ind1=" " ind2=" ">
    <subfield code="c">4084</subfield>
    <subfield code="d">4084</subfield>
  </datafield>
  <datafield tag="952" ind1=" " ind2=" ">
    <subfield code="0">0</subfield>
    <subfield code="1">0</subfield>
    <subfield code="2">ddc</subfield>
    <subfield code="4">0</subfield>
    <subfield code="7">0</subfield>
    <subfield code="a">001</subfield>
    <subfield code="b">001</subfield>
    <subfield code="d">2025-02-03</subfield>
    <subfield code="l">0</subfield>
    <subfield code="o">362.196</subfield>
    <subfield code="p">2025/0044</subfield>
    <subfield code="r">2025-02-03</subfield>
    <subfield code="w">2025-02-03</subfield>
    <subfield code="y">BK</subfield>
  </datafield>
</record>
